| 000 | 00693nam a2200241Ia 4500 | ||
|---|---|---|---|
| 003 | OSt | ||
| 005 | 20220912151203.0 | ||
| 006 | a|||||r|||| 00| 0 | ||
| 007 | ta | ||
| 008 | 220909b |||||||| |||| 00| 0 eng d | ||
| 024 | _a40665 | ||
| 037 | _cTextual | ||
| 040 |
_aCSL _beng _cCSL |
||
| 041 | _aeng | ||
| 082 | _aG1, K0 | ||
| 100 | _aFlorkin M Ed. | ||
| 245 | 0 | _aAspects of the origin of life | |
| 260 |
_aOxford _bPergamon Press _c1960 |
||
| 300 |
_aviii, 199p. _ccm. |
||
| 490 | _aInternational series of monographs on pure and applied biology: Modern trends in physiological sciences; 6 | ||
| 942 |
_hG1, K0 _cTEXL _2CC |
||
| 999 |
_c63078 _d63078 |
||